PROFILE FOR PROFITABILITY (Record no. 4387)

MARC details
000 -LEADER
fixed length control field 00330nam a22001337a 4500
008 - FIXED-LENGTH DATA ELEMENTS--GENERAL INFORMATION
fixed length control field 250729b |||||||| |||| 00| 0 eng d
020 ## - INTERNATIONAL STANDARD BOOK NUMBER
ISBN 047122362X
100 ## - MAIN ENTRY--AUTHOR
Author DUDICK THOMAS S.
245 ## - TITLE STATEMENT
Title PROFILE FOR PROFITABILITY
260 ## - PUBLICATION, DISTRIBUTION, ETC. (IMPRINT)
Place of publication CANADA
Name of publisher A WILEY-INTERSCIENCE
Date of publication 1972
300 ## - COLLATION
Pagination 253p.
942 ## - ADDED ENTRY ELEMENTS (KOHA)
Item type Books
050 ## - LIBRARY OF CONGRESS CALL NUMBER
Classification number HD 47.5
Item number .D83
Holdings
Source of classification or shelving scheme Not for loan Permanent location Current location Date acquired Accession No. Full call number Barcode. Koha item type
Library of Congress Classification   Samuel Ogbemudia Main Library, University of Abuja Samuel Ogbemudia Main Library, University of Abuja 07/29/2025 91/006141 HD 47.5.D83 2025-3163 Books